Statistics for Fantastic Beasts Characters by Screen Time

Click here to take the quiz!

General Stats

  • This quiz has been taken 218 times
  • The average score is 7 of 10

Answer Stats

MinutesCharacter% Correct
279Newt Scamander
97%
116Albus Dumbledore
87%
133Gellert Grindelwald
85%
212Jacob Kowalski
85%
163Tina Goldstein
83%
142Queenie Goldstein
80%
130Credence Barebone
67%
93Leta Lestrange
58%
107Theseus Scamander
55%
115Yusuf Kama
27%

Score Distribution

Percentile by Number Answered

Percent of People with Each Score

Your Score History

You have not taken this quiz